Central Library OPAC University of Rajshahi

Cockle's Cases and statutes on evidence ; (Record no. 47336)

MARC details
000 -LEADER
fixed length control field 00734nam a2200241 a 4500
001 - CONTROL NUMBER
control field 47336
003 - CONTROL NUMBER IDENTIFIER
rucl marc code BD-RjUL
005 - DATE AND TIME OF LATEST TRANSACTION
control field 20211209054310.0
008 - FIXED-LENGTH DATA ELEMENTS--GENERAL INFORMATION
fixed length control field 160804s1970 enk 001 0 eng d
035 ## - SYSTEM CONTROL NUMBER
System control number (BD-RjUL)47455
040 ## - CATALOGING SOURCE
Original cataloging agency SOI
Transcribing agency SOI
Modifying agency EQO
-- BD-RjUL
Language of cataloging eng
041 ## - LANGUAGE CODE
Language code of text/sound track or separate title eng
082 00 - DEWEY DECIMAL CLASSIFICATION NUMBER
Classification number 347.94
Author mark and year COC 1970
Edition number 23
100 11 - MAIN ENTRY--PERSONAL NAME
Personal name Cockle, Ernest.
9 (RLIN) 14137
245 10 - TITLE STATEMENT
Title Cockle's Cases and statutes on evidence ;
Number of part/section of a work Ernest Cockle.
250 ## - EDITION STATEMENT
Edition statement 11th ed. by G. D. Nokes.
260 ## - PUBLICATION, DISTRIBUTION, ETC. (IMPRINT)
Place of publication, distribution, etc. London :
Name of publisher, distributor, etc. Sweet & Maxwell ;
Date of publication, distribution, etc. 1970
300 ## - PHYSICAL DESCRIPTION
Pagination xxvii, 590 p. ;
Size 22 cm.
500 ## - GENERAL NOTE
General note Includes index.
650 #0 - SUBJECT ADDED ENTRY--TOPICAL TERM
Topical term or geographic name as entry element Evidence (Law)
Geographic subdivision Great Britain
General subdivision Cases.
9 (RLIN) 14138
700 1# - ADDED ENTRY--PERSONAL NAME
Personal name Nokes, G. D.
Fuller form of name (Gerald Dacre),
Dates associated with a name 1899-1971.
942 ## - ADDED ENTRY ELEMENTS (KOHA)
Source of classification or shelving scheme Dewey Decimal Classification
Koha item type Books
Holdings
Lost status Source of classification or shelving scheme Damaged status Not for loan Collection code Permanent Location Current Location Shelving location Date acquired Source of acquisition Total Checkouts Full call number Date last seen Copy number Koha item type
  Dewey Decimal Classification     Non-fiction Central Library, University of Rajshahi Central Library, University of Rajshahi   17/02/1973 Britain   347.94 COC 1970 08/08/2016 C-2 Books